Proceso de supervisión educativa en el segundo ciclo de educación básica en la zona urbana de Fantino en sector público del distrito educativo 16-02 / Ana Delia Sánchez Castillo, Francisca Ramírez Rondón, Felicia Paulino Reyes ; asesor Radhamés Aquiles Guzmán R. (Registro nro. 5148)

Detalles MARC
000 -LEADER
fixed length control field 01451nam a22002531a 4500
001 - CONTROL NUMBER
control field 5148
003 - CONTROL NUMBER IDENTIFIER
control field OSt
005 - DATE AND TIME OF LATEST TRANSACTION
control field 20260204212003.0
008 - FIXED-LENGTH DATA ELEMENTS--GENERAL INFORMATION
fixed length control field 051114s2001||||dr ||||||b||||||||||spa||
090 ## - LOCALLY ASSIGNED LC-TYPE CALL NUMBER (OCLC); LOCAL CALL NUMBER (RLIN)
Classification number (OCLC) (R) ; Classification number, CALL (RLIN) (NR) M-BA 2001 D354
100 1# - ASIENTO PRINCIPAL -- NOMBRE PERSONAL
Personal name Sánchez Castillo, Ana Delia
Relator term sustentante
245 1# - TÍTULO PROPIAMENTE DICHO: SUBTÍTULO
Title Proceso de supervisión educativa en el segundo ciclo de educación básica en la zona urbana de Fantino en sector público del distrito educativo 16-02 / Ana Delia Sánchez Castillo, Francisca Ramírez Rondón, Felicia Paulino Reyes ; asesor Radhamés Aquiles Guzmán R.
260 ## - PUBLICATION, DISTRIBUTION, ETC.
Place of publication, distribution, etc. Cotuí, República Dominicana :
Name of publisher, distributor, etc. UTECO,
Date of publication, distribution, etc. 2001
300 ## - PHYSICAL DESCRIPTION
Extensión xi, 88 hojas :
Dimensions 28cm.
502 ## - THESIS NOTE
Dissertation note Monografía (Educación Básica)--Universidad Tecnológica del Cibao Oriental, 2001
504 ## - BIBLIOGRAPHY, ETC. NOTE
Bibliography, etc. note Incluye referencia bibliográfica e índice<br/>
505 ## - NOTA DE CONTENIDO
Formatted contents note Índice -- declaración de autoría -- agradecimientos -- dedicatorias--resumen -- Capítulo I: Introducción -- Capítulo II: Revisión de literatura -- Capítulo III: Metodología -- Capítulo IV: Presentación de los resultados -- Capítulo V: Discusión y análisis de los resultados <br/>
650 #4 - ASIENTO SECUNDARIO DE MATERIA -- TERMINO TOPICO
Asiento secundario de materia Proceso de supervisión educativa
700 1# - ASIENTO SECUNDARIO -- NOMBRE PERSONAL
Personal name Ramírez Rondón, Francisca
Relator term sustentante
700 1# - ASIENTO SECUNDARIO -- NOMBRE PERSONAL
Personal name Paulino Reyes, Felicia
Relator term sustentante
700 1# - ASIENTO SECUNDARIO -- NOMBRE PERSONAL
Personal name Guzmán R, Radhamés Aquiles
Relator term asesor
830 ## - ASIENTO SECUNDARIO DE SERIE - TÍTULO UNIFORME
Uniform title Tesis y disertaciones académicas (Universidad Tecnológica del Cibao Oriental)
942 ## - ADDED ENTRY ELEMENTS (KOHA)
Source of classification or shelving scheme Clasificación Local
Koha item type Tesis
Existencias
Withdrawn status Lost status Source of classification or shelving scheme Damaged status Not for loan Collection code Home library Current library Shelving location Date acquired Inventory number Total Checkouts Full call number Barcode Date last seen Copy number Price effective from Koha item type
    Clasificación Local   Préstamo Interno Trabajos de Grado e Investigación   Biblioteca UTECO En Estantería 09/09/2019 ME-2001-043   M-BA 2001 D354 ME-2001-043 09/09/2019 Ej.1 09/09/2019 Tesis
© 2021 Derechos Reservados UTECO - Teléfono: +1 809-585-2291 - Correo electrónico: biblioteca@uteco.edu.do​  
Código postal 43000 ​​
Dirección: Avenida Universitaria No. 100, 
Cotuí, Provincia Sánchez Ramírez, República Dominicana - RNC: 404-00059-6